01001 a2200205 4500020001600000082001200016090001500028100002600043245005900069250001200128260004900140300003400189500001900223650009100242942002000333999001500353952014700368952013500515952014500650 a 8129706504 a621.381 c4115d4115 a Zwolin´ski, Mark aDigital system design with VHDLcMark, Zwolin´ski. a2nd ed. aNew Delhi :bPearson Education Ltd.,c 2004. axiii,368 p. :bill. ;c24 cm. aIncludes Index a1.Digital electronics--Data processing.2.VHDL (Computer hardware description language) cBKk621.381 ZWO c8011d8011 001040708NFICaCLbCLcGENd2005-05-23eAllied Book Companyg202.50l1m3o621.381 ZWOpSEECS005758r2025-05-12s2024-01-22w2017-01-05yBK 001040708NFICaCLbCLcGENd2005-05-05eAllied Book Companyg202.50l0m3o621.381 ZWOpSEECS005635r2025-05-30w2017-01-05yBK 001040708NFICaCLbCLcGENd2005-03-02ePak Book Corporationg202.50l3o621.381 ZWOpSEECS005355r2025-06-20s2025-01-24w2017-01-05yBK